将棋の駒 - Statistics

General Stats
  • This quiz has been taken 300 times
  • The average score is 7 of 8
Answer Stats
動き 個数 駒の名称 % Correct
全方向に1マス 1 玉将・王将
95%
縦横に何マスでも 1 飛車
94%
前に1マス 9 歩兵
93%
縦横と斜め前に1マス 2 金将
91%
斜めと前に1マス 2 銀将
91%
前へ2、横へ1の位置のマス 2 桂馬
90%
前方に何マスでも 2 香車
90%
斜めに何マスでも 1 角行
78%
No matching quizzes found
Score Distribution
Percent of People with Each Score
Percentile by Number Answered
Your Score History
You have not taken this quiz